El problema del germanismo en el derecho español Siglos V-XI.

Uloženo v:
Podrobná bibliografie
Hlavní autor: Alvarado Planas, Javier (autor)
Médium: Kniha
Vydáno: Madrid, España: Marcial Pons, Ediciones Jurídicas y Sociales, S.A., 1997.
Témata:
Tagy: Přidat tag
Žádné tagy, Buďte první, kdo vytvoří štítek k tomuto záznamu!

MARC

LEADER 00000nam a22000007a 4500
003 CL-VaPUC
005 20240416110323.0
008 220720t1997 ||||| |||| 00| 0 eng d
999 |c 437343  |d 437341 
020 |a 84-7248-477-7 
040 |c Pontificia Universidad Católica de Valparaíso 
082 7 |a 349.4609 ALV 1997  |2 22 
100 |a Alvarado Planas, Javier  |e autor  |9 583680 
245 1 3 |a El problema del germanismo en el derecho español Siglos V-XI. 
260 |a Madrid, España:  |b Marcial Pons, Ediciones Jurídicas y Sociales, S.A.,   |c 1997. 
300 |a 272 páginas.  
500 |a c.1 Donación Familia Prof. Alejandro Guzmán Brito. 
583 |c 20220720  |k Cristina María Rojas Aguilar 
650 |a Derecho   |z España  |x Influencia alemana  |9 873488 
650 |a Derecho   |z España  |y Siglos 5-11  |9 873489 
942 |2 ddc  |c BK  |n 0 
952 |0 0  |1 0  |2 ddc  |4 0  |6 349_460900000000000_ALV_1997  |7 0  |8 C_AGB  |9 585105  |a BIBDER  |b BIBDER  |d 2022-07-20  |e Donación   |i 5653154  |o 349.4609 ALV 1997  |p 5653154  |r 2023-01-25  |t 1  |w 2022-07-20  |y BK_US  |k AGB